00762nam a2200181 a 4500008004100000050001300041100002800054245008900082260004000171300001400211350000900225490003400234650003400268650003800302995010000340999001700440952012300457100621s2005 ||||||||||||||||| || u aIBRD(08) aStephanou, Constantinos10aSupervision of financial conglomerates: the case of chilecby Constantinos Stephanou aWashington, D. C.bWorld Bankc2005 a44p.: ill a0.00 aPolicy Research Working Paper 0aFINANCE--DEVELOPING COUNTRIES 0aCHILE--ECONOMIC CONDITIONS--1988- D0.00FCBU-MAIN LIBRARY (Kitwe)H1I0.00M1UAVAILABLEWJun 21, 2010ZInternational Publications c59112d59112 00102lcc4070a001b001cInternational Publicationsd2022-11-30l0oIBRD(08)pZ03006578r2022-11-30w2022-11-30y002